International economics / (Record no. 81519)

MARC details
000 -LEADER
fixed length control field 00853nam a22002657a 4500
005 - DATE AND TIME OF LATEST TRANSACTION
control field 20140101144258.0
010 ## - LCCN (DPL NO)
LC control number ENG-108951
020 ## - INTERNATIONAL STANDARD BOOK NUMBER
International Standard Book Number 9781259097423
Terms of availability 675.00
020 ## - INTERNATIONAL STANDARD BOOK NUMBER
International Standard Book Number 1259097420
Terms of availability 675.00
035 ## - SYSTEM CONTROL NUMBER
System control number EN-92484
037 ## - SOURCE OF ACQUISITION
Source of stock number/acquisition DBAD/PUB
082 ## - DEWEY DECIMAL CLASSIFICATION NUMBER
Classification number 337
Edition number 20
100 ## - MAIN ENTRY--PERSONAL NAME
Personal name Appleyard, Dennis R.
245 ## - TITLE STATEMENT
Title International economics /
Statement of responsibility, etc by Dennis R. Appleyard [and] Alfred J. Field, Jr.
250 ## - EDITION STATEMENT
Edition statement 8th ed
260 ## - PUBLICATION, DISTRIBUTION, ETC. (IMPRINT)
Place of publication, distribution, etc New Delhi
Name of publisher, distributor, etc McGraw Hill Education
Date of publication, distribution, etc 2013
270 ## - ADDRESS
Address P-24,Green Park Extension
City New Delhi
Postal code 110016
300 ## - PHYSICAL DESCRIPTION
Extent xxiv, 824 p. :
Dimensions 26cm(pbk)
Other physical details ill.
500 ## - GENERAL NOTE
General note Includes bibliographical references and index.
650 ## - SUBJECT ADDED ENTRY--TOPICAL TERM
Topical term or geographic name as entry element International economic relations
650 ## - SUBJECT ADDED ENTRY--TOPICAL TERM
Topical term or geographic name as entry element International trade
650 ## - SUBJECT ADDED ENTRY--TOPICAL TERM
Topical term or geographic name as entry element International finance
700 ## - ADDED ENTRY--PERSONAL NAME
Personal name Field, Alfred J.
942 ## - ADDED ENTRY ELEMENTS (KOHA)
Source of classification or shelving scheme Dewey Decimal Classification
Item type English Books
Call number suffix APP
Classification part 337
Holdings
Withdrawn status Lost status Not for loan Collection code Home library Current library Date acquired Source of acquisition Cost, normal purchase price Full call number Barcode Copy number Cost, replacement price Koha item type
    Not For Loan Non-fiction D.B.Act.Division D.B.Act.Division 26/12/2013 DBAD / PUB 675.00 337 APP EN-92484 1 675.00 English Books

© Delhi Public Library
Hit Counter
free hit counter